| 000 | 01117nam a2200289 i 4500 | ||
|---|---|---|---|
| 001 | 106675 | ||
| 003 | ES-MaACL | ||
| 005 | 20250304063102.0 | ||
| 007 | t| | ||
| 008 | 061214s2006 sp ||||1| spa d | ||
| 020 | _a84-672-1450-3 (Círculo de Lectores) | ||
| 020 | _a84-8209-530-3 (Galaxia Gutenberg) | ||
| 080 | _a821.134.2(83)-1"19" | ||
| 100 | 0 |
_aParra, Nicanor, _d1914-2018 _989233 |
|
| 245 | 1 | 0 |
_aObras completas & algo + / _cNicanor Parra ; edición supervisada por el autor ; asesorada y establecida por Niall Binns al cuidado de Ignacio Echevarría ; prefacio de Harold Bloom ; prólogo de Federico Schopf. |
| 260 |
_aBarcelona : _bCírculo de Lectores : _bGalaxia Gutenberg, _c[2006-] |
||
| 300 |
_a1 v. ; _c21 cm. |
||
| 490 | 1 | _aOpera mundi | |
| 505 | 8 | _a1: De "Gato en el camino" a "Artefactos" (1935-1972) -- | |
| 700 | 1 |
_aBinns, Niall. _928931 |
|
| 700 | 1 |
_aEchevarría, Ignacio, _d1960- _946542 |
|
| 700 | 1 |
_aBloom, Harold. _929559 |
|
| 700 | 1 |
_aSchopf, Federico. _9104660 |
|
| 830 | 0 |
_aOpera mundi _9180669 |
|
| 852 |
_aES-MaACL _jP-1990 _bR.138389 |
||
| 999 |
_c106675 _d106675 |
||